000 01001cad a22002055a 4500
001 E149654
008 100401s2008 xxk 000 0 eng u
035 _a(Sirsi) u149654
041 0 _aeng
110 _aCentre for Economics and Business Research
_93865
245 0 4 _aThe value of the insolvency industry
_h[electronic resource]
260 _aLondon
_bCEBR
_c2008
520 _aDiscusses the contribution which the insolvency sector makes to the UK. Looks at conventional measures such as employment and gross value added, as well as the industry's wider role in encouraging entrepreneurship and risk taking, and the provision of expertise and services for those in financial difficulty.
521 _aAdvanced
590 _aKA
651 4 _aUnited Kingdom
_y
690 _aMANAGEMENT-CORPORATE RECOVERY
856 4 0 _uhttps://www.r3.org.uk/uploads/documents/The%20Value%20of%20the%20Insolvency%20Industry_2008(1).pdf
_zView the report free of charge (PDF file) at www.r3.org.uk
942 _n0
999 _c110582
_d110582